The lost story (Record no. 5191)

MARC details
000 -CABECERA
campo de control de longitud fija 02438nam a22002777a 4500
008 - DATOS DE LONGITUD FIJA--INFORMACIÓN GENERAL
campo de control de longitud fija 251120b |||||||| |||| 00| 0 eng d
020 ## - NÚMERO INTERNACIONAL ESTÁNDAR DEL LIBRO
Número Internacional Estándar del Libro 9781529436310
040 ## - FUENTE DE LA CATALOGACIÓN
Centro/agencia transcriptor tbs
041 ## - CÓDIGO DE LENGUA
Código de lengua del texto/banda sonora o título independiente eng
050 ## - SIGNATURA TOPOGRÁFICA DE LA BIBLIOTECA DEL CONGRESO
Número de clasificación PS3618.E5726
Número de documento/Ítem L67 2024
100 ## - ENTRADA PRINCIPAL--NOMBRE DE PERSONA
Nombre de persona Shaffer, Meg
9 (RLIN) 26551
Término indicativo de función/relación author
245 ## - MENCIÓN DE TÍTULO
Título The lost story
Mención de responsabilidad, etc. / Meg Shaffer.
260 ## - PUBLICACIÓN, DISTRIBUCIÓN, ETC.
Lugar de publicación, distribución, etc. London :
Nombre del editor, distribuidor, etc. Arcadia, an imprint of Quercus Editions,
Fecha de publicación, distribución, etc. 2024.
300 ## - DESCRIPCIÓN FÍSICA
Extensión 329 pages :
Otras características físicas map ;
Dimensiones 24 cm.
520 ## - SUMARIO, ETC.
Sumario, etc. Inspired by C. S. Lewis's The Chronicles of Narnia, this wild and wondrous novel is a fairy tale for grown-ups who still knock on the back of wardrobes - just in case - from the author of The Wishing Game. As boys, best friends Jeremy Cox and Rafe Howell vanished in a West Virginia state park, only to mysteriously reappear six months later with no explanation for where they'd gone or how they'd survived. Fifteen years after their miraculous homecoming, Jeremy is a famous missing persons investigator with an uncanny ability to find the lost, while Rafe is a reclusive artist unable to stop creating otherworldly paintings and sculptures he shows to no one. He bears scars inside and out from his disappearance but has no memory of what happened while they were gone. Jeremy alone knows the fantastical truth behind their time in the woods. While the rest of the world was searching for them, the two missing boys were in a magical realm filled with impossible beauty and terrible danger. However, Jeremy has kept Rafe in the dark since their return for his own inscrutable reasons. But the time for burying secrets comes to an end when vet tech Emilie Wendel hires Jeremy to find her long-lost sister ... the long-lost sister he and Rafe knew while living in that hidden kingdom. Now the former lost boys must confront their shared past, no matter how traumatic the memories. Alongside the headstrong Emilie, Rafe and Jeremy return to the enchanted world they called home for six months ... for only then can they get back everything and everyone they've lost.
650 #0 - PUNTO DE ACCESO ADICIONAL DE MATERIA--TÉRMINO DE MATERIA
Término de materia o nombre geográfico como elemento de entrada Artists
Subdivisión de forma Fiction
9 (RLIN) 25596
650 #0 - PUNTO DE ACCESO ADICIONAL DE MATERIA--TÉRMINO DE MATERIA
Término de materia o nombre geográfico como elemento de entrada Friendship
Subdivisión de forma Fiction
9 (RLIN) 23929
650 #0 - PUNTO DE ACCESO ADICIONAL DE MATERIA--TÉRMINO DE MATERIA
Término de materia o nombre geográfico como elemento de entrada Imaginary places
Subdivisión de forma Fiction
9 (RLIN) 24132
650 #0 - PUNTO DE ACCESO ADICIONAL DE MATERIA--TÉRMINO DE MATERIA
Término de materia o nombre geográfico como elemento de entrada Magic
Subdivisión de forma Fiction
9 (RLIN) 24059
650 #0 - PUNTO DE ACCESO ADICIONAL DE MATERIA--TÉRMINO DE MATERIA
Término de materia o nombre geográfico como elemento de entrada Missing persons
Subdivisión de forma Fiction
9 (RLIN) 24148
650 #0 - PUNTO DE ACCESO ADICIONAL DE MATERIA--TÉRMINO DE MATERIA
Término de materia o nombre geográfico como elemento de entrada Missing persons
Subdivisión general Investigation
Subdivisión de forma Fiction
9 (RLIN) 25609
650 #0 - PUNTO DE ACCESO ADICIONAL DE MATERIA--TÉRMINO DE MATERIA
Término de materia o nombre geográfico como elemento de entrada Secrecy
Subdivisión de forma Fiction
9 (RLIN) 25722
655 #0 - TÉRMINO DE INDIZACIÓN--GÉNERO/FORMA
Datos o término principal de género/forma Magic realist fiction
9 (RLIN) 24024
655 #0 - TÉRMINO DE INDIZACIÓN--GÉNERO/FORMA
Datos o término principal de género/forma Portal fantasy fiction
9 (RLIN) 26552
942 ## - ELEMENTOS DE ENTRADA AGREGADA (KOHA)
Fuente del sistema de clasificación o colocación Clasificación de Library of Congress
Holdings
Estado de retiro Estado de pérdida Fuente del sistema de clasificación o colocación Estado dañado No para préstamo Biblioteca de origen Biblioteca actual Fecha de adquisición Total de préstamos Signatura topográfica completa Código de barras Fecha visto por última vez Número de copia Precio válido a partir de Tipo de ítem Koha
    Clasificación de Library of Congress     TBS Barcelona TBS Barcelona 20/11/2025   P-EN SHA B05790 20/11/2025 1 20/11/2025 Book

Powered by Koha